| 000 | 01254pam a2200361 a 4500 | ||
|---|---|---|---|
| 001 | 4312493 | ||
| 005 | 20260112115313.0 | ||
| 008 | 870312s1988 enka b 001 0 eng | ||
| 010 | _a 87008123 | ||
| 020 |
_a0471915521 : _c$53.00 |
||
| 020 |
_a047191553X (pbk.) : _c$23.00 |
||
| 020 | _a9780471915522 | ||
| 035 | _a4312493 | ||
| 040 |
_aDLC _cDLC _dDLC |
||
| 050 | 0 | 0 |
_aTA347.F5 _bS64 1988 |
| 082 | 0 | 0 |
_a620.001515353 SMI _219 |
| 100 | 1 |
_aSmith, I. M. _q(Ian Moffat), _d1940- _9132748 |
|
| 245 | 1 | 0 |
_aProgramming the finite element method / _cI.M. Smith and D.V. Griffiths. |
| 250 | _a2nd ed. | ||
| 260 |
_aChichester [West Sussex] ; _aNew York : _bWiley, _cc1988. |
||
| 300 |
_axii, 469 p. : _bill. ; _c24 cm. |
||
| 336 |
_atext _btxt _2rdacontent |
||
| 337 |
_aunmediated _bn _2rdamedia |
||
| 338 |
_avolume _bnc _2rdacarrier |
||
| 504 | _aIncludes bibliographies and indexes. | ||
| 650 | 0 |
_aFinite element method _xComputer programs. _9132749 |
|
| 650 | 0 |
_aEngineering _xData processing. _919414 |
|
| 650 | 0 |
_aSoil mechanics _xData processing. _942565 |
|
| 700 | 1 |
_aGriffiths, D. V. _9132750 |
|
| 906 |
_a7 _bcbc _corignew _d1 _eocip _f19 _gy-gencatlg |
||
| 942 |
_2ddc _cBK |
||
| 999 |
_c615809 _d615809 |
||